| 000 | 00717nam a2200241Ia 4500 | ||
|---|---|---|---|
| 003 | OSt | ||
| 005 | 20220918220535.0 | ||
| 006 | a|||||r|||| 00| 0 | ||
| 007 | ta | ||
| 008 | 220917b |||||||| |||| 00| 0 eng d | ||
| 024 | _a146,325 | ||
| 037 | _cTextual | ||
| 040 |
_aARTS _cARTS _beng |
||
| 041 |
_2eng _aeng |
||
| 082 | _aY9(Q7).677.N7, L0 | ||
| 100 |
_aBerger Morroe _911296 |
||
| 245 | 0 |
_aIslam in Egypt today _b Social and political aspects of popular religion |
|
| 260 |
_aCambridge _bCambridge University of Press _c1970 |
||
| 490 | _aPrinceton studies on the near East | ||
| 650 | _aSOCIOLOGY | ||
| 942 |
_hY9(Q7).677.N7, L0 _cTEXL _2CC |
||
| 999 |
_c269081 _d269081 |
||